3 conferencias a técnicos, hombres de empresa, dirigentes obreros por una mejor producción y un mayor consumo de artículos nacionales / (Record no. 108925)

MARC details
000 -LEADER
campo de control de longitud fija 00900nam a2200205 4500
001 - NÚMERO DE CONTROL
campo de control 108925
003 - IDENTIFICADOR DE NÚMERO DE CONTROL
campo de control ES-MaACL
005 - FECHA Y HORA DE LA ÚLTIMA TRANSACCIÓN
campo de control 20230906184735.0
007 - CAMPO FIJO DE DESCRIPCIÓN FÍSICA--INFORMACIÓN GENERAL
campo de control de longitud fija t|
008 - DATOS DE LONGITUD FIJA--INFORMACIÓN GENERAL
campo de control de longitud fija 061121s1950 mx r ||||1| spa d
245 00 - MENCIÓN DEL TÍTULO
Título 3 conferencias a técnicos, hombres de empresa, dirigentes obreros por una mejor producción y un mayor consumo de artículos nacionales /
Mención de responsabilidad, etc. [conferenciantes, Pablo H. Hope, Antonio Carrillo Flores, Josué Saenz].
246 2# - FORMA VARIANTE DEL TITULO
Título propio/Titulo breve Tres conferencias a técnicos, hombres de empresa, dirigentes obreros por una mejor producción y un mayor consumo de artículos nacionales
260 ## - PUBLICACIÓN, DISTRIBUCIÓN, ETC.
Lugar de publicación, distribución, etc. México :
Nombre del editor, distribuidor, etc. Movimiento Económico Nacional,
Fecha de publicación, distribución, etc. 1950.
300 ## - DESCRIPCIÓN FÍSICA
Extensión 43 p. ;
Dimensiones 18 cm.
651 #4 - PUNTO DE ACCESO ADICIONAL DE MATERIA--NOMBRE GEOGRÁFICO
Nombre geográfico México-
Subdivisión general Situación económica.
9 (RLIN) 150095
700 1# - ENTRADA AGREGADA--NOMBRE PERSONAL
Nombre de persona Hope, Pablo H.
9 (RLIN) 64162
700 1# - ENTRADA AGREGADA--NOMBRE PERSONAL
Nombre de persona Carrillo Flores, Antonio.
9 (RLIN) 35774
700 1# - ENTRADA AGREGADA--NOMBRE PERSONAL
Nombre de persona Saenz, Josué.
9 (RLIN) 101297
852 ## - LOCALIZACIÓN
Ubicación ES-MaACL
Número de control de estantería 2025-F-29
Holdings
Estatus retirado Estado de pérdida Estado de daño No para préstamo Colección Biblioteca de origen Biblioteca actual Ubicación en estantería Fecha de adquisición Fuente de adquisición Total de préstamos Signatura topográfica completa Código de barras Visto por última vez Precio de reemplazo Tipo de ítem Koha
        Colección de folletos Biblioteca del Ateneo de Madrid Biblioteca del Ateneo de Madrid Depósito folletos 17/01/2008     2025-F-29 1113657 23/02/2023 23/02/2023 Folleto